<?xml version="1.0" encoding="UTF-8"?>
<record
    xmlns:xsi="http://www.w3.org/2001/XMLSchema-instance"
    xsi:schemaLocation="http://www.loc.gov/MARC21/slim http://www.loc.gov/standards/marcxml/schema/MARC21slim.xsd"
    xmlns="http://www.loc.gov/MARC21/slim">

  <leader>01995nam a2200241   4500</leader>
  <controlfield tag="001">113971</controlfield>
  <controlfield tag="003">DR-UNIBE</controlfield>
  <controlfield tag="005">20250729111828.0</controlfield>
  <controlfield tag="008">250729b2007    ho ||||| |||| 00| 0 spa d</controlfield>
  <datafield tag="040" ind1=" " ind2=" ">
    <subfield code="a">BIBLIOTECA UNIBE</subfield>
    <subfield code="b">spa</subfield>
    <subfield code="c">BIBLIOTECA UNIBE</subfield>
    <subfield code="e">rda</subfield>
  </datafield>
  <datafield tag="041" ind1=" " ind2=" ">
    <subfield code="a">spa</subfield>
  </datafield>
  <datafield tag="082" ind1=" " ind2=" ">
    <subfield code="2">22</subfield>
    <subfield code="a">345.7283 R426c</subfield>
  </datafield>
  <datafield tag="110" ind1="1" ind2="0">
    <subfield code="a">Rep&#xFA;blica de Honduras. Leyes, decretos, etc.</subfield>
    <subfield code="9">194690</subfield>
    <subfield code="e">autor</subfield>
  </datafield>
  <datafield tag="245" ind1="1" ind2="0">
    <subfield code="a">C&#xF3;digo procesal civil :</subfield>
    <subfield code="b">Decreto No. 211-2006</subfield>
  </datafield>
  <datafield tag="260" ind1=" " ind2=" ">
    <subfield code="a">Tegucigalpa :</subfield>
    <subfield code="b">Litocom,</subfield>
    <subfield code="c">2007</subfield>
  </datafield>
  <datafield tag="300" ind1=" " ind2=" ">
    <subfield code="a">373 p&#xE1;ginas :</subfield>
    <subfield code="c">23 x 15 cm</subfield>
  </datafield>
  <datafield tag="500" ind1=" " ind2=" ">
    <subfield code="a">Publicado en el Di&#xE1;rio Oficial La Gaceta No.31313 de fecha 26 de mayo de 2007</subfield>
  </datafield>
  <datafield tag="505" ind1=" " ind2=" ">
    <subfield code="a">Exposici&#xF3;n de motivos |
Presentaci&#xF3;n |
Libro primero. T&#xED;tulo preliminar |
T&#xED;tulo segundo. Abstenci&#xF3;n y recusaci&#xF3;n |
T&#xED;tulo tercero. Las partes |
T&#xED;tulo cuarto. Acumulaci&#xF3;n |
T&#xED;tulo quinto. Actos procesales |
Libro segundo. Prueba |
T&#xED;tulo primero. Normas generales |
Libro tercero. Medidas cautelares |
T&#xED;tulo I. Normas generales |
T&#xED;tulo segundo. Clases de medidas cautelares |
T&#xED;tulo tercero. Procedimiento para la adopci&#xF3;n de medidas cautelares |
T&#xED;tulo cuarto. Modificaci&#xF3;n y revocaci&#xF3;n |
Libro cuarto. Los procesos declarativos |
T&#xED;tulo primero. Normas comunes a todos los procesos |
T&#xED;tulo segundo. El proceso ordinario |
T&#xED;tulo tercero. El proceso abreviado |
T&#xED;tulo cuarto. Procesos no dispositivos |
T&#xED;tulo quinto. El proceso monitorio |
Libro quinto. Los medios de impugnaci&#xF3;n |
T&#xED;tulo primero. Disposiciones generales |
T&#xED;tulo segundo. Recursos de reposici&#xF3;n |
T&#xED;tulo tercero. Recurso devolutivo |
T&#xED;tulo cuarto. Audiencia al rebelde |
Libro sexto. Ejecuci&#xF3;n forzosa |
T&#xED;tulo primero. Disposiciones generales |
T&#xED;tulo segundo. Ejecuci&#xF3;n de t&#xED;tulos judiciales (v&#xED;a de apremio) |

</subfield>
  </datafield>
  <datafield tag="650" ind1=" " ind2="7">
    <subfield code="2">lemb</subfield>
    <subfield code="a">C&#xF3;digo civil</subfield>
    <subfield code="z">Honduras</subfield>
    <subfield code="9">197876</subfield>
  </datafield>
  <datafield tag="650" ind1=" " ind2="7">
    <subfield code="2">lemb</subfield>
    <subfield code="a">Derecho civil</subfield>
    <subfield code="z">Honduras</subfield>
    <subfield code="9">197877</subfield>
  </datafield>
  <datafield tag="700" ind1="1" ind2="0">
    <subfield code="a">Morales Montalv&#xE1;n, Vilma Cecilia</subfield>
    <subfield code="9">197845</subfield>
    <subfield code="e">presentaci&#xF3;n</subfield>
  </datafield>
  <datafield tag="942" ind1=" " ind2=" ">
    <subfield code="2">ddc</subfield>
    <subfield code="c">BK</subfield>
  </datafield>
  <datafield tag="999" ind1=" " ind2=" ">
    <subfield code="c">113971</subfield>
    <subfield code="d">113971</subfield>
  </datafield>
  <datafield tag="952" ind1=" " ind2=" ">
    <subfield code="0">0</subfield>
    <subfield code="1">0</subfield>
    <subfield code="2">ddc</subfield>
    <subfield code="7">0</subfield>
    <subfield code="8">GEN</subfield>
    <subfield code="a">Principal</subfield>
    <subfield code="d">2025-06-10</subfield>
    <subfield code="l">0</subfield>
    <subfield code="o">345.7283 R426c</subfield>
    <subfield code="p">250906</subfield>
    <subfield code="r">2025-07-29 10:42:17</subfield>
    <subfield code="t">Ej. 1</subfield>
    <subfield code="w">2025-07-29</subfield>
    <subfield code="y">BK</subfield>
  </datafield>
</record>
